000 01740nam0a2200409 4500
001 RU\NLR\bibl\114836
005 20260405124613.0
010 _a5-295-02457-1
_955000
020 _aRU
_b98-33282
_9Книжная летопись
021 _aRU
_b98-26142
_91247
035 _a(NLR Aleph) 000112439
090 _a638184
_c638184
100 _a20000410d1998 |||y0rusy50 ca
101 0 _arus
102 _aRU
105 _aa |||||||||
200 1 _aБашкортостан - моя судьба
_eОчерки, ст., интервью, выступления, обращения, док.
_fМуртаза Рахимов
_g[Сост. Бадретдинов С. М.]
210 _aУфа
_cКитап
_d1998
215 _a364,[2] с.
_cил.
_d22
607 _aБашкортостан, Республика
_xИстория
_z20 в.
_92098280
_3RU\NLR\auth\661269341
610 0 _aПрезидент (глава государства) Башкортостана, Республики
610 0 _aПереход к рыночной экономике
610 0 _aБашкортостан, Республика - Суверенитет
610 0 _aСуверенитет - Башкортостан, Респ.
675 _a323(470.41)
_v3
_zrus
686 _a11.15
_2rugasnti
686 _a66.2(2Рос.Тат)
_2rubbk
686 _aТ3(2Р-6Б)74
700 1 _4070
_7ca
_8rus
_aРахимов
_bМ. Г.
_f1934-
_gМуртаза Губайдуллович
_932975
_3RU\NLR\auth\7750040
701 1 _aБадретдинов
_bС. М.
_4070
801 0 _aRU
_bRKP
_c20000410
_gPSBO
801 1 _aRU
_bRKP
_c20000410
801 2 _aRU
_bNLR
_c20070330
_grcr
852 _aNLR
_j98-5/2430
942 _cBOOK
980 _aNB